QUEST Central Library Banner

Welding hand book (Record no. 12306)

MARC details
000 -LEADER
fixed length control field 00231nam a22001217a 4500
082 ## - DEWEY DECIMAL CLASSIFICATION NUMBER
Classification number 671.5202AWS
100 ## - MAIN ENTRY--AUTHOR NAME
Personal name Aws
245 ## - TITLE STATEMENT
Title Welding hand book
250 ## - EDITION STATEMENT
Edition statement Vol I
260 ## - PUBLICATION, DISTRIBUTION, ETC. (IMPRINT)
Place of publication American
Year of publication 1976
300 ## - PHYSICAL DESCRIPTION
Number of Pages 373
942 ## - ADDED ENTRY ELEMENTS (KOHA)
Koha item type Books
Holdings
Withdrawn status Lost status Home library Current library Date acquired Cost, normal purchase price Full call number Accession Number Koha item type
    Seminar Library, Mechanical Engg. Seminar Library, Mechanical Engg. 12/02/2015 620.00 671.5202AWS 7140 Books
    Seminar Library, Mechanical Engg. Seminar Library, Mechanical Engg. 12/02/2015 421.60 671.5202AWS 7141 Books

Copyright © 2018,The QUEST, Nawabshah, Shaheed Benazirabad. All rights reserved
Mr. G. Farooq Channar (Librarian) QUEST, Nawabshah, Sindh, Pakistan 67480.
 Ph#: |   0244-9370381-4 Ext. 2308   Email| lib@quest.edu.pk   Web|  http://www.quest.edu.pk